书目信息 |
| 题名: |
结晶化学导论
|
|
| 作者: | 钱溢泰 编著 | |
| 分册: | ||
| 出版信息: | 北京 中国科学技术大学出版社 1998 |
|
| 页数: | 448 | |
| 开本: | 20cm | |
| 丛书名: | ||
| 单 册: | ||
| 中图分类: | O74 | |
| 科图分类: | ||
| 主题词: | 晶体化学 | |
| 电子资源: | ||
| ISBN: | 7-312-01088-1 | |
| 000 | 00536nam0 2200193 450 | |
| 001 | 0754114953 | |
| 005 | 20070929150154.95 | |
| 010 | @a7-312-01088-1 | |
| 100 | @a20070929d km y0chiy0120 ea | |
| 101 | 0 | @achi |
| 200 | 1 | @a结晶化学导论@Ajie jing hua xue dao lun@f钱溢泰 编著@Fqian yi tai bian zhu |
| 205 | @a2版 | |
| 210 | @a北京@c中国科学技术大学出版社@d1998 | |
| 215 | @a448@c插图@d20cm | |
| 606 | 0 | @a晶体化学 |
| 690 | @aO74@v3 | |
| 701 | 0 | @a钱溢泰@Aqian yi tai@4编著 |
| 801 | 0 | @aCN@bPFT@c20070929 |
| 905 | @a213230@dO74@eh1=2@f1 | |
| 结晶化学导论/钱溢泰 编著.-2版.-北京:中国科学技术大学出版社,1998 |
| 448:插图;20cm |
| ISBN 7-312-01088-1: |
| ● |
| 相关链接 |
|
|
|
|
正题名:结晶化学导论
索取号:O74/h1=2
 
预约/预借
| 序号 | 登录号 | 条形码 | 馆藏地/架位号 | 状态 | 备注 |
| 1 | 6000498 | 260004989 | 密集书库-化学系/ [索取号:O74/h1=2] | 在馆 | |
| 2 | 6000499 | 260004998 | 密集书库-化学系/ [索取号:O74/h1=2] | 在馆 | |
| 3 | 6000500 | 260005005 | 密集书库-化学系/ [索取号:O74/h1=2] | 在馆 |